Introducing Comparative Politics (Record no. 3352)

MARC details
000 -LEADER
fixed length control field 00398nam a22001457a 4500
008 - FIXED-LENGTH DATA ELEMENTS--GENERAL INFORMATION
fixed length control field 250507b |||||||| |||| 00| 0 eng d
020 ## - INTERNATIONAL STANDARD BOOK NUMBER
ISBN 9781544326849
100 ## - MAIN ENTRY--AUTHOR
Author Orvis Stephen
245 ## - TITLE STATEMENT
Title Introducing Comparative Politics
260 ## - PUBLICATION, DISTRIBUTION, ETC. (IMPRINT)
Place of publication London
Name of publisher CQ Press
Date of publication 2018
300 ## - COLLATION
Pagination xx,444p.
Other physical details illustration;
650 ## - TRACINGS
Main Subject Comparative Government
Subdivision (1st) Political Science
942 ## - ADDED ENTRY ELEMENTS (KOHA)
Item type Books
050 ## - LIBRARY OF CONGRESS CALL NUMBER
Classification number JF51
Item number .O78
Holdings
Source of classification or shelving scheme Not for loan Permanent location Current location Date acquired Accession No. Full call number Barcode. Koha item type
Library of Congress Classification   Samuel Ogbemudia Main Library, University of Abuja Samuel Ogbemudia Main Library, University of Abuja 05/07/2025 2024/63747 JF51.O78 2025-1815 Books